Luật hình sự Việt Nam (Phần các tội phạm) : Sách hướng dẫn học tập

Trình bày một số vấn đề lý luận về xác định tội danh, các tội phạm xâm phạm an ninh quốc gia, các tội xâm phạm tính mạng, sức khỏe, nhân phẩm, danh dự của con người,...

محفوظ في:
التفاصيل البيبلوغرافية
المؤلف الرئيسي: Phạm, Văn Beo
التنسيق: كتاب
اللغة:Undetermined
منشور في: Cần Thơ Nxb. Đại học Cần Thơ 2015
الموضوعات:
الوسوم: إضافة وسم
لا توجد وسوم, كن أول من يضع وسما على هذه التسجيلة!
Thư viện lưu trữ: Trung tâm Học liệu Trường Đại học Cần Thơ
LEADER 00908nam a2200205Ia 4500
001 CTU_229594
008 210402s9999 xx 000 0 und d
082 |a 345.597 
082 |b B205 
100 |a Phạm, Văn Beo 
245 0 |a Luật hình sự Việt Nam (Phần các tội phạm) : 
245 0 |b Sách hướng dẫn học tập 
245 0 |c Phạm Văn Beo (Biên soạn) 
260 |a Cần Thơ 
260 |b Nxb. Đại học Cần Thơ 
260 |c 2015 
520 |a Trình bày một số vấn đề lý luận về xác định tội danh, các tội phạm xâm phạm an ninh quốc gia, các tội xâm phạm tính mạng, sức khỏe, nhân phẩm, danh dự của con người,... 
650 |a Luật hình sự,Criminal law 
910 |b nthai 
980 |a Trung tâm Học liệu Trường Đại học Cần Thơ